Statystyki dla Wyspy, które mają najwyższe wzniesienie

Kliknij tutaj aby rozwiązać quiz!

Ogólne statystyki

  • Ten quiz został rozwiązany 25 razy
  • Średni wynik to 10 z 27

Statystyki odpowiedzi

mgórawyspa% Poprawnych
4095Góra KinabaluBorneo
80%
3776Góra FudżiHonsiu
76%
3724Aoraki / Góra CookaWyspa Południowa
76%
3326Góra EtnaSycylia
72%
3694GunnbjørnsfjeldGrenlandia
68%
3676SemeruJawa
68%
3805Gunung KerinciSumatra
68%
4884Puncak JayaNowa Gwinea
60%
2922Góra PulagLuzon
56%
3478Bulu RantemarioSulawesi
56%
3718TeideTeneryfa
52%
4205Mauna KeaHawaje
48%
2876MaromokotroMadagaskar
48%
3952Góra JadeitTajwan
44%
2954Góra ApoMindanao
40%
3031Gunung AgungBali
32%
3098Pico DuarteHaiti
32%
3055HaleakalaMaui
16%
3070Piton des NeigesReunion
16%
2963Gunung Tata MailauTimor
12%
2987Góra StephensonAlexander Island
4%
3011Pico BasiléBioko
0%
2934Góra PagetGeorgia Południowa
0%
3726Góra RinjaniLombok
0%
3027Gunung BinaiyaSeram
0%
3794Góra ErebusWyspa Rossa
0%
3110Góra SipleWyspa Siple’a
0%

Rozkład punktacji

Percentyl według liczby udzielonych odpowiedzi

Procent ludzi z każdym wynikiem

Twoja historia wyników

Nie rozwiązałeś tego quizu